LEADER 00839nam a2200205 i 4500 001 000000023113 003 CaOOAMICUS 005 20180830125446.0 008 180830s1934 fr u000 u und u 040 $aSeMil$bita 100 1 $aHoutryve, Idesbaldo : van .$0(OLS)http://semarc/name/90097 245 13$aLa vie dans la paix /$cpar Dom Idesbaldo van Houtryve moine bénédictin du Mont César. 250 $asixième édition complètement refondue. 260 $aLouvain :$bAbbaye du Mont César,$c1934-1935. 300 $a2 v. ;$c18 cm. 650 4$aPace - Concezione cristiana.$0(OLS)http://semarc/subject/1623 774 0 $tTome premier.$w()187221 774 0 $tTome second.$w()187222 996 $6245$aLa vie dans la paix$9(OLS)http://semarc/title/30972 996 $6260$aLouvain :$bAbbaye du Mont César$9(OLS)http://semarc/publisher/30523 LEADER 00558naa a2200145 i 4500 001 000000301453 003 CaOOAMICUS 005 20180831172722.0 008 180831n xx u000 u und u 013 $a9183 040 $aSeMil$bita 100 1 $aSpoldi, Elio.$0(OLS)http://semarc/name/86539 245 13$aIl servizio di cure palliative nella U.S.L. 75. 773 0 $tMedicina per chi muore.$dRoma : Città Nuova, copyr. 1988.$kPiena salute [Città nuova]$z88-311-0902-2$w()35380 996 $6245$aIl servizio di cure palliative nella U.S.L. 75$9(OLS)http://semarc/title/377454